| 000 | 00425nam a2200097Ia 4500 | ||
|---|---|---|---|
| 008 | 180130s9999 xx 000 0 und d | ||
| 245 |
_cLucio, Miguel Martinez _aContested spaces, globalization and the new politics of regulation |
||
| 260 | _c2014 | ||
| 300 | _aBook title: International human resource management : an employment relations perspective--Acession number C18843; pages 293-296 | ||
| 650 | _aHUMAN RESOURCE MANAGEMENT | ||
| 999 |
_c353693 _d353693 |
||